[Event "MCR muzu 2023"]
[Site "?"]
[Date "2023.05.10"]
[Round "2.4"]
[White "Simacek, Pavel"]
[Black "Stocek, Jiri"]
[Result "1/2-1/2"]
[BlackElo "2525"]
[WhiteElo "2466"]
[LiveChessVersion "1.4.8"]

1. d4 {[%clk 1:30:51]} Nf6 {[%clk 1:30:44]} 2. c4 {[%clk 1:31:12]} e6
{[%clk 1:31:06]} 3. Nc3 {[%clk 1:31:37]} Bb4 {[%clk 1:31:23]} 4. f3
{[%clk 1:30:52]} O-O {[%clk 1:28:19]} 5. e4 {[%clk 1:29:30]} d5 {[%clk 1:27:14]}
6. e5 {[%clk 1:27:59]} Nfd7 {[%clk 1:26:00]} 7. a3 {[%clk 1:21:34]} Bxc3+
{[%clk 1:25:24]} 8. bxc3 {[%clk 1:22:00]} dxc4 {[%clk 1:23:32]} 9. h4
{[%clk 1:13:31]} c5 {[%clk 1:15:05]} 10. h5 {[%clk 0:59:27]} Qa5 {[%clk 1:07:46]}
11. h6 {[%clk 0:54:45]} g6 {[%clk 1:07:40]} 12. Bd2 {[%clk 0:53:43]} cxd4
{[%clk 1:06:41]} 13. cxd4 {[%clk 0:54:04]} c3 {[%clk 1:06:57]} 14. Bg5
{[%clk 0:41:40]} Nc6 {[%clk 1:01:13]} 15. Ne2 {[%clk 0:41:51]} f6
{[%clk 0:51:38]} 16. Bxf6 {[%clk 0:38:04]} Nxf6 {[%clk 0:51:17]} 17. exf6
{[%clk 0:38:29]} Rxf6 {[%clk 0:45:34]} 18. Rc1 {[%clk 0:32:15]} c2+
{[%clk 0:36:16]} 19. Qd2 {[%clk 0:32:38]} Qxa3 {[%clk 0:36:36]} 20. Rxc2
{[%clk 0:25:12]} Bd7 {[%clk 0:32:23]} 21. Nc3 {[%clk 0:22:43]} Raf8
{[%clk 0:25:02]} 22. Ra2 {[%clk 0:15:32]} Qe7 {[%clk 0:21:55]} 23. Bc4
{[%clk 0:15:33]} Rf4 {[%clk 0:21:16]} 24. Ne4 {[%clk 0:15:35]} a6
{[%clk 0:10:05]} 25. O-O {[%clk 0:08:56]} Bc8 {[%clk 0:09:14]} 26. Re1
{[%clk 0:04:11]} b5 {[%clk 0:08:15]} 27. Bb3 {[%clk 0:03:32]} Qa7
{[%clk 0:06:53]} 28. Rd1 {[%clk 0:03:58]} Qb6 {[%clk 0:03:57]} 29. Qc3
{[%clk 0:03:34]} Rd8 {[%clk 0:03:21]} 30. Rad2 {[%clk 0:03:56]} Ne7
{[%clk 0:02:05]} 31. Qe3 {[%clk 0:04:05]} Rff8 {[%clk 0:02:10]} 32. Nc5
{[%clk 0:04:06]} Rf6 {[%clk 0:01:39]} 33. Ne4 {[%clk 0:01:37]} Rf5
{[%clk 0:01:43]} 34. Ng3 {[%clk 0:01:44]} Nd5 {[%clk 0:01:31]} 35. Bxd5
{[%clk 0:00:45]} Rfxd5 {[%clk 0:01:50]} 36. Ne4 {[%clk 0:01:12]} Rf8
{[%clk 0:02:04]} 37. Nc3 {[%clk 0:01:06]} Rdf5 {[%clk 0:01:29]} 38. Re1
{[%clk 0:01:19]} b4 {[%clk 0:01:17]} 39. Na4 {[%clk 0:01:33]} Qd6
{[%clk 0:01:28]} 40. Nc5 {[%clk 0:01:50]} Rd5 {[%clk 0:00:37]} 41. Rde2
{[%clk 0:20:20]} a5 {[%clk 0:22:30]} 42. Qb3 {[%clk 0:15:10]} Rh5
{[%clk 0:17:27]} 43. Nxe6 {[%clk 0:12:46]} Bxe6 {[%clk 0:14:35]} 44. Rxe6
{[%clk 0:03:55]} Qxd4+ {[%clk 0:06:40]} 45. R6e3+ {[%clk 0:04:20]} Kh8
{[%clk 0:03:14]} 46. Rd1 {[%clk 0:04:28]} a4 {[%clk 0:02:48]} 47. Rxd4
{[%clk 0:03:52]} axb3 {[%clk 0:03:14]} 48. Rxb4 {[%clk 0:04:03]} Rxh6
{[%clk 0:03:38]} 49. Rexb3 1/2-1/2

[Event "MCR muzu 2023"]
[Site "?"]
[Date "2023.05.10"]
[Round "2.5"]
[White "Krejci, Jan"]
[Black "Petr, Martin"]
[Result "1-0"]
[BlackElo "2478"]
[WhiteElo "2517"]
[LiveChessVersion "1.4.8"]

1. d4 {[%clk 1:30:58]} d5 {[%clk 1:30:56]} 2. c4 {[%clk 1:31:23]} e6
{[%clk 1:31:21]} 3. Nc3 {[%clk 1:31:49]} Nf6 {[%clk 1:31:36]} 4. cxd5
{[%clk 1:32:02]} exd5 {[%clk 1:32:00]} 5. Bg5 {[%clk 1:32:27]} c6
{[%clk 1:32:25]} 6. e3 {[%clk 1:32:52]} h6 {[%clk 1:32:49]} 7. Bh4
{[%clk 1:32:32]} Be7 {[%clk 1:33:12]} 8. Bd3 {[%clk 1:32:11]} O-O
{[%clk 1:33:33]} 9. Nge2 {[%clk 1:29:02]} Re8 {[%clk 1:32:44]} 10. Qc2
{[%clk 1:27:24]} Nbd7 {[%clk 1:33:05]} 11. O-O {[%clk 1:24:42]} a5
{[%clk 1:33:30]} 12. Rad1 {[%clk 1:21:32]} b5 {[%clk 1:31:03]} 13. a4
{[%clk 1:17:29]} b4 {[%clk 1:20:15]} 14. Nb1 {[%clk 1:17:54]} Qb6
{[%clk 1:09:31]} 15. Nd2 {[%clk 1:15:40]} Ba6 {[%clk 1:09:57]} 16. Bxa6
{[%clk 1:11:56]} Qxa6 {[%clk 1:09:27]} 17. Bxf6 {[%clk 1:11:52]} Nxf6
{[%clk 0:49:25]} 18. Nf4 {[%clk 1:11:38]} Rec8 {[%clk 0:48:03]} 19. Nb3
{[%clk 1:08:04]} Nd7 {[%clk 0:31:11]} 20. Nd3 {[%clk 1:00:16]} Nb6
{[%clk 0:27:20]} 21. Nbc5 {[%clk 1:00:37]} Qa7 {[%clk 0:26:35]} 22. Rc1
{[%clk 0:57:44]} Bd6 {[%clk 0:26:51]} 23. Qe2 {[%clk 0:56:47]} Qe7
{[%clk 0:27:02]} 24. b3 {[%clk 0:54:29]} Re8 {[%clk 0:23:21]} 25. Rc2
{[%clk 0:52:44]} Nc8 {[%clk 0:23:15]} 26. Rfc1 {[%clk 0:52:27]} Ra7
{[%clk 0:21:03]} 27. Qf3 {[%clk 0:48:49]} Qc7 {[%clk 0:13:52]} 28. g3
{[%clk 0:48:04]} Ne7 {[%clk 0:14:16]} 29. e4 {[%clk 0:38:19]} Bxc5
{[%clk 0:12:46]} 30. Rxc5 {[%clk 0:37:35]} dxe4 {[%clk 0:13:08]} 31. Qxe4
{[%clk 0:38:01]} Rd8 {[%clk 0:09:14]} 32. Ne5 {[%clk 0:32:31]} Qd6
{[%clk 0:09:43]} 33. Nc4 {[%clk 0:26:00]} Qxd4 {[%clk 0:09:55]} 34. Qxd4
{[%clk 0:26:25]} Rxd4 {[%clk 0:10:20]} 35. Nxa5 {[%clk 0:26:50]} Ra6
{[%clk 0:05:55]} 36. Re1 {[%clk 0:19:16]} Kf8 {[%clk 0:04:22]} 37. Rce5
{[%clk 0:16:10]} g6 {[%clk 0:04:48]} 38. Nb7 {[%clk 0:13:07]} Nf5
{[%clk 0:03:47]} 39. R1e4 {[%clk 0:07:46]} Ra8 {[%clk 0:02:43]} 40. Kg2
{[%clk 0:07:43]} Rb8 {[%clk 0:01:21]} 41. Nc5 {[%clk 0:02:42]} Rd1
{[%clk 0:24:11]} 42. a5 {[%clk 0:26:57]} Kg7 {[%clk 0:24:02]} 43. a6
{[%clk 0:26:06]} Nd6 {[%clk 0:23:15]} 44. Re1 {[%clk 0:20:35]} Rxe1
{[%clk 0:21:45]} 45. Rxe1 {[%clk 0:21:04]} Rb5 {[%clk 0:22:07]} 46. Re5
{[%clk 0:20:56]} Nc8 {[%clk 0:22:14]} 47. Nd7 {[%clk 0:21:12]} Rxe5
{[%clk 0:21:05]} 48. Nxe5 {[%clk 0:21:41]} c5 {[%clk 0:21:28]} 49. Kf3
{[%clk 0:20:53]} f6 {[%clk 0:19:45]} 50. Nd3 {[%clk 0:17:36]} c4 {[%clk 0:20:10]}
51. bxc4 {[%clk 0:18:03]} b3 {[%clk 0:20:37]} 52. Ke4 {[%clk 0:18:03]} 1-0

[Event "MCR muzu 2023"]
[Site "?"]
[Date "2023.05.11"]
[Round "3.1"]
[White "Petr, Martin"]
[Black "Plat, Vojtech"]
[Result "1-0"]
[BlackElo "2535"]
[WhiteElo "2478"]
[LiveChessVersion "1.4.8"]

1. d4 {[%clk 1:30:56]} d6 {[%clk 1:30:20]} 2. Nf3 {[%clk 1:31:14]} f5
{[%clk 1:30:32]} 3. g3 {[%clk 1:30:49]} g6 {[%clk 1:30:56]} 4. Bg2
{[%clk 1:31:00]} Nf6 {[%clk 1:31:20]} 5. b3 {[%clk 1:30:31]} Bg7 {[%clk 1:31:38]}
6. Bb2 {[%clk 1:30:55]} O-O {[%clk 1:31:41]} 7. O-O {[%clk 1:30:23]} Ne4
{[%clk 1:30:58]} 8. Nbd2 {[%clk 1:30:41]} c5 {[%clk 1:29:26]} 9. Qc1
{[%clk 1:27:52]} cxd4 {[%clk 1:19:43]} 10. Nxe4 {[%clk 1:24:33]} fxe4
{[%clk 1:20:01]} 11. Nxd4 {[%clk 1:24:59]} e5 {[%clk 1:08:31]} 12. Nb5
{[%clk 1:25:17]} d5 {[%clk 1:08:00]} 13. c4 {[%clk 1:21:54]} d4 {[%clk 1:03:56]}
14. c5 {[%clk 1:15:32]} Bf5 {[%clk 0:56:41]} 15. Nd6 {[%clk 1:15:44]} Qd7
{[%clk 0:47:24]} 16. Bxe4 {[%clk 1:12:29]} Bxe4 {[%clk 0:47:38]} 17. Qc4+
{[%clk 1:09:48]} Kh8 {[%clk 0:48:06]} 18. Nxe4 {[%clk 1:10:13]} Nc6
{[%clk 0:48:32]} 19. b4 {[%clk 1:05:52]} h6 {[%clk 0:48:20]} 20. b5
{[%clk 1:00:07]} Na5 {[%clk 0:44:02]} 21. Qd3 {[%clk 0:49:09]} Qd5
{[%clk 0:42:34]} 22. Nd2 {[%clk 0:36:42]} Rae8 {[%clk 0:36:35]} 23. e4
{[%clk 0:28:35]} Qxc5 {[%clk 0:36:45]} 24. Ba3 {[%clk 0:29:02]} Qc3
{[%clk 0:37:08]} 25. Qxc3 {[%clk 0:29:28]} dxc3 {[%clk 0:37:34]} 26. Bxf8
{[%clk 0:29:52]} Bxf8 {[%clk 0:37:16]} 27. Nb3 {[%clk 0:27:33]} Bb4
{[%clk 0:31:48]} 28. Nxa5 {[%clk 0:20:32]} Bxa5 {[%clk 0:32:10]} 29. Rac1
{[%clk 0:19:35]} Rd8 {[%clk 0:31:18]} 30. Rc2 {[%clk 0:19:17]} Rd4
{[%clk 0:30:53]} 31. Re1 {[%clk 0:13:21]} Kg7 {[%clk 0:31:10]} 32. Kf1
{[%clk 0:08:26]} Rb4 {[%clk 0:26:46]} 33. Rd1 {[%clk 0:07:14]} Rxb5
{[%clk 0:27:10]} 34. Ke2 {[%clk 0:07:40]} Kf7 {[%clk 0:15:04]} 35. Rd7+
{[%clk 0:06:05]} Ke6 {[%clk 0:15:25]} 36. Rg7 {[%clk 0:05:55]} Kf6
{[%clk 0:15:35]} 37. Rd7 {[%clk 0:06:02]} Ke6 {[%clk 0:14:49]} 38. Rh7
{[%clk 0:06:05]} h5 {[%clk 0:15:10]} 39. f4 {[%clk 0:06:19]} exf4
{[%clk 0:14:59]} 40. gxf4 {[%clk 0:06:43]} Rb1 {[%clk 0:11:22]} 41. f5+
{[%clk 0:03:44]} gxf5 {[%clk 0:11:19]} 42. Rxh5 {[%clk 0:04:06]} b5
{[%clk 0:10:45]} 43. Rxf5 {[%clk 0:02:36]} a6 {[%clk 0:10:37]} 44. Rh5
{[%clk 0:27:33]} Rh1 {[%clk 0:41:02]} 45. a4 {[%clk 0:24:58]} Rb1
{[%clk 0:39:07]} 46. Rh6+ {[%clk 0:24:12]} Ke5 {[%clk 0:39:34]} 47. Rxa6
{[%clk 0:24:37]} b4 {[%clk 0:40:02]} 48. Rxa5+ {[%clk 0:23:23]} Kxe4
{[%clk 0:40:29]} 49. Rh5 {[%clk 0:18:23]} Kd4 {[%clk 0:40:57]} 50. Rh4+
{[%clk 0:18:48]} Kc5 {[%clk 0:41:25]} 51. Ke3 {[%clk 0:17:12]} Re1+
{[%clk 0:39:24]} 52. Re2 {[%clk 0:16:21]} Rd1 {[%clk 0:39:25]} 53. Rg2
{[%clk 0:15:48]} b3 {[%clk 0:38:22]} 54. Rg5+ {[%clk 0:16:05]} Kd6
{[%clk 0:38:50]} 55. Rh6+ {[%clk 0:16:16]} Ke7 {[%clk 0:39:15]} 56. Rg7+
{[%clk 0:16:40]} Kf8 {[%clk 0:39:41]} 57. Rb7 {[%clk 0:16:33]} Kg8
{[%clk 0:39:57]} 58. Rc6 {[%clk 0:16:48]} 1-0

[Event "MCR muzu 2023"]
[Site "?"]
[Date "2023.05.11"]
[Round "3.2"]
[White "Stocek, Jiri"]
[Black "Krejci, Jan"]
[Result "1/2-1/2"]
[BlackElo "2517"]
[WhiteElo "2525"]
[LiveChessVersion "1.4.8"]

1. d4 {[%clk 1:29:42]} d5 {[%clk 1:30:55]} 2. Nf3 {[%clk 1:29:52]} e6
{[%clk 1:30:26]} 3. Bf4 {[%clk 1:28:39]} Nf6 {[%clk 1:30:48]} 4. e3
{[%clk 1:28:39]} Bd6 {[%clk 1:30:52]} 5. Bg3 {[%clk 1:28:41]} O-O
{[%clk 1:28:45]} 6. Nbd2 {[%clk 1:28:21]} c5 {[%clk 1:28:02]} 7. dxc5
{[%clk 1:27:12]} Bxc5 {[%clk 1:26:37]} 8. Bd3 {[%clk 1:24:58]} Nc6
{[%clk 1:18:58]} 9. O-O {[%clk 1:22:15]} Bd6 {[%clk 1:14:55]} 10. c4
{[%clk 0:53:32]} Bxg3 {[%clk 1:08:41]} 11. hxg3 {[%clk 0:53:55]} Qe7
{[%clk 0:58:10]} 12. cxd5 {[%clk 0:52:24]} exd5 {[%clk 0:58:28]} 13. Rc1
{[%clk 0:50:53]} Bg4 {[%clk 0:57:51]} 14. Qa4 {[%clk 0:45:57]} a6
{[%clk 0:43:43]} 15. Qf4 {[%clk 0:41:06]} Rac8 {[%clk 0:37:43]} 16. a3
{[%clk 0:39:52]} h6 {[%clk 0:35:38]} 17. Rfe1 {[%clk 0:34:54]} Rfe8
{[%clk 0:35:41]} 18. Bb1 {[%clk 0:26:27]} Qd7 {[%clk 0:33:45]} 19. Nh2
{[%clk 0:23:19]} Be6 {[%clk 0:31:31]} 20. Nhf3 {[%clk 0:21:51]} Bg4
{[%clk 0:31:55]} 21. Nh2 {[%clk 0:18:48]} Be6 {[%clk 0:32:20]} 22. Nhf3
{[%clk 0:15:27]} Bg4 1/2-1/2

[Event "MCR muzu 2023"]
[Site "?"]
[Date "2023.05.11"]
[Round "3.3"]
[White "Babula, Vlastimil"]
[Black "Simacek, Pavel"]
[Result "1-0"]
[BlackElo "2466"]
[WhiteElo "2533"]
[LiveChessVersion "1.4.8"]

1. d4 {[%clk 1:30:54]} d5 {[%clk 1:30:42]} 2. c4 {[%clk 1:31:04]} dxc4
{[%clk 1:31:08]} 3. e3 {[%clk 1:30:45]} Nf6 {[%clk 1:31:19]} 4. Bxc4
{[%clk 1:30:19]} e6 {[%clk 1:31:45]} 5. Nf3 {[%clk 1:29:50]} c5 {[%clk 1:32:09]}
6. O-O {[%clk 1:29:14]} cxd4 {[%clk 1:32:08]} 7. exd4 {[%clk 1:25:34]} Be7
{[%clk 1:32:33]} 8. Qe2 {[%clk 1:24:01]} O-O {[%clk 1:32:16]} 9. Nc3
{[%clk 1:23:54]} Nc6 {[%clk 1:23:32]} 10. Rd1 {[%clk 1:23:10]} Na5
{[%clk 1:21:20]} 11. Bd3 {[%clk 1:21:47]} b6 {[%clk 1:21:16]} 12. Bg5
{[%clk 1:12:03]} Bb7 {[%clk 1:21:15]} 13. Rac1 {[%clk 1:01:03]} h6
{[%clk 1:15:36]} 14. Bf4 {[%clk 0:44:33]} Nd5 {[%clk 1:00:36]} 15. Nxd5
{[%clk 0:40:05]} Qxd5 {[%clk 1:00:42]} 16. Rc7 {[%clk 0:39:58]} Bd6
{[%clk 0:47:26]} 17. Rd7 {[%clk 0:34:51]} Rfd8 {[%clk 0:31:36]} 18. Rxd6
{[%clk 0:34:40]} Rxd6 {[%clk 0:32:03]} 19. b4 {[%clk 0:35:01]} Rdd8
{[%clk 0:32:29]} 20. bxa5 {[%clk 0:35:05]} Qxa5 {[%clk 0:32:22]} 21. Ne5
{[%clk 0:30:30]} Qd5 {[%clk 0:32:48]} 22. Qg4 {[%clk 0:30:12]} h5
{[%clk 0:32:16]} 23. Qh3 {[%clk 0:28:28]} Rac8 {[%clk 0:28:45]} 24. Be2
{[%clk 0:25:58]} Qe4 {[%clk 0:16:03]} 25. Be3 {[%clk 0:22:04]} g6
{[%clk 0:09:22]} 26. Bd3 {[%clk 0:19:33]} Rxd4 {[%clk 0:05:22]} 27. Bxd4
{[%clk 0:19:20]} Qxd4 {[%clk 0:05:49]} 28. Qg3 {[%clk 0:07:57]} h4
{[%clk 0:05:49]} 29. Qe3 {[%clk 0:04:17]} Qxe3 {[%clk 0:06:10]} 30. fxe3
{[%clk 0:04:45]} Rc5 {[%clk 0:06:35]} 31. Ng4 {[%clk 0:02:31]} Kg7
{[%clk 0:02:34]} 32. e4 {[%clk 0:02:52]} Rc3 {[%clk 0:00:59]} 33. h3
{[%clk 0:02:14]} f5 {[%clk 0:01:15]} 34. exf5 {[%clk 0:01:45]} gxf5
{[%clk 0:01:42]} 35. Ne3 {[%clk 0:01:59]} f4 {[%clk 0:01:55]} 36. Ng4
{[%clk 0:00:37]} f3 {[%clk 0:01:11]} 37. gxf3 {[%clk 0:00:42]} Bxf3
{[%clk 0:01:31]} 38. Rd2 {[%clk 0:01:03]} Bd5 {[%clk 0:01:47]} 39. Ne3
{[%clk 0:01:01]} Bb7 {[%clk 0:01:01]} 40. Kf2 {[%clk 0:01:04]} Kf6
{[%clk 0:00:43]} 41. Bc4 {[%clk 0:25:16]} Ke5 {[%clk 0:25:39]} 42. Rd7
{[%clk 0:23:55]} Bc6 {[%clk 0:25:49]} 43. Re7 {[%clk 0:21:26]} Kd4
{[%clk 0:20:16]} 44. Rxe6 {[%clk 0:21:24]} Rxe3 {[%clk 0:19:54]} 45. Rxe3
{[%clk 0:20:59]} Kxc4 {[%clk 0:20:21]} 46. Re7 {[%clk 0:19:02]} a5
{[%clk 0:20:02]} 47. Rh7 {[%clk 0:17:15]} Kb4 {[%clk 0:19:54]} 48. Rxh4+
{[%clk 0:16:15]} Ka3 {[%clk 0:20:21]} 49. Rh6 {[%clk 0:14:55]} Bd7
{[%clk 0:20:48]} 50. h4 {[%clk 0:15:10]} b5 {[%clk 0:18:38]} 51. Ra6
{[%clk 0:08:54]} a4 {[%clk 0:15:59]} 52. h5 {[%clk 0:09:09]} b4 {[%clk 0:04:13]}
53. h6 {[%clk 0:08:57]} Bf5 {[%clk 0:04:40]} 54. Ke3 {[%clk 0:08:41]} Bc2
{[%clk 0:01:13]} 55. Kd2 {[%clk 0:06:44]} Be4 {[%clk 0:01:36]} 56. Ra7
{[%clk 0:06:57]} Bf5 {[%clk 0:01:52]} 57. Kc1 {[%clk 0:04:24]} Bd3
{[%clk 0:02:06]} 58. h7 {[%clk 0:04:03]} Bxh7 {[%clk 0:02:32]} 59. Rxh7
{[%clk 0:04:29]} Kxa2 {[%clk 0:02:57]} 60. Rh4 {[%clk 0:04:25]} a3
{[%clk 0:00:56]} 61. Rxb4 {[%clk 0:04:12]} Ka1 {[%clk 0:01:23]} 62. Kc2
{[%clk 0:04:01]} a2 {[%clk 0:01:49]} 63. Kb3 {[%clk 0:04:21]} Kb1
{[%clk 0:02:16]} 64. Ka3+ {[%clk 0:04:45]} Ka1 {[%clk 0:02:43]} 65. Rh4
{[%clk 0:04:58]} 1-0

[Event "MCR muzu 2023"]
[Site "?"]
[Date "2023.05.11"]
[Round "3.4"]
[White "Kraus, Tomas"]
[Black "Finek, Vaclav"]
[Result "1/2-1/2"]
[BlackElo "2410"]
[WhiteElo "2473"]
[LiveChessVersion "1.4.8"]

1. e4 {[%clk 1:30:57]} c5 {[%clk 1:30:54]} 2. Nf3 {[%clk 1:30:50]} g6
{[%clk 1:31:13]} 3. d4 {[%clk 1:30:22]} cxd4 {[%clk 1:31:37]} 4. Qxd4
{[%clk 1:30:46]} Nf6 {[%clk 1:31:57]} 5. e5 {[%clk 1:31:12]} Nc6 {[%clk 1:32:21]}
6. Qa4 {[%clk 1:31:38]} Nd5 {[%clk 1:32:45]} 7. Qe4 {[%clk 1:32:04]} Nb6
{[%clk 1:33:10]} 8. Nc3 {[%clk 1:32:20]} Bg7 {[%clk 1:33:25]} 9. Bf4
{[%clk 1:32:12]} d5 {[%clk 1:33:49]} 10. exd6 {[%clk 1:31:52]} Bf5
{[%clk 1:33:53]} 11. dxe7 {[%clk 1:30:00]} Qd7 {[%clk 1:32:55]} 12. Qe3
{[%clk 1:29:23]} Nb4 {[%clk 1:32:36]} 13. Rc1 {[%clk 1:28:22]} Nxc2+
{[%clk 1:31:58]} 14. Rxc2 {[%clk 1:28:39]} Bxc2 {[%clk 1:32:24]} 15. Bb5
{[%clk 1:28:48]} Bxc3+ {[%clk 1:32:44]} 16. Qxc3 {[%clk 1:29:13]} Qxb5
{[%clk 1:33:08]} 17. Qxh8+ {[%clk 1:29:35]} Kxe7 {[%clk 1:33:29]} 18. Qd4
{[%clk 1:29:40]} Nd5 {[%clk 1:31:45]} 19. Qe5+ {[%clk 1:29:27]} Kd7
{[%clk 1:31:59]} 20. Qd6+ {[%clk 1:26:50]} Ke8 {[%clk 1:31:45]} 21. Qe5+
{[%clk 1:25:43]} Kd7 {[%clk 1:32:05]} 22. Qd6+ {[%clk 1:26:10]} Ke8
{[%clk 1:32:27]} 23. Qe5+ {[%clk 1:26:38]} Kd7 {[%clk 1:31:07]} 24. Qd6+
{[%clk 1:27:03]} Ke8 {[%clk 1:31:16]} 25. Qe5+ 1/2-1/2

[Event "MCR muzu 2023"]
[Site "?"]
[Date "2023.05.11"]
[Round "3.5"]
[White "Navara, David"]
[Black "Zwardon, Vojtech"]
[Result "1-0"]
[BlackElo "2494"]
[WhiteElo "2678"]
[LiveChessVersion "1.4.8"]

1. e4 {[%clk 1:30:59]} c5 {[%clk 1:30:57]} 2. Nf3 {[%clk 1:31:22]} Nc6
{[%clk 1:31:18]} 3. Bb5 {[%clk 1:31:49]} g6 {[%clk 1:31:45]} 4. O-O
{[%clk 1:32:13]} Bg7 {[%clk 1:32:13]} 5. c3 {[%clk 1:32:36]} Nf6 {[%clk 1:32:38]}
6. Re1 {[%clk 1:33:01]} O-O {[%clk 1:33:05]} 7. d4 {[%clk 1:33:26]} d5
{[%clk 1:33:32]} 8. e5 {[%clk 1:33:52]} Ne4 {[%clk 1:34:00]} 9. Be3
{[%clk 1:34:15]} Qb6 {[%clk 1:34:25]} 10. Bxc6 {[%clk 1:34:37]} bxc6
{[%clk 1:34:53]} 11. Qc1 {[%clk 1:34:49]} cxd4 {[%clk 1:35:20]} 12. cxd4
{[%clk 1:35:10]} a5 {[%clk 1:35:49]} 13. Nc3 {[%clk 1:35:29]} Nxc3
{[%clk 1:31:20]} 14. Qxc3 {[%clk 1:34:43]} Bd7 {[%clk 1:31:36]} 15. Nd2
{[%clk 1:29:12]} a4 {[%clk 1:31:58]} 16. b4 {[%clk 1:28:22]} f6 {[%clk 1:30:31]}
17. a3 {[%clk 1:19:36]} Rac8 {[%clk 1:21:05]} 18. Bf4 {[%clk 1:07:03]} fxe5
{[%clk 1:19:52]} 19. Bxe5 {[%clk 1:07:14]} Bf6 {[%clk 1:19:07]} 20. Bxf6
{[%clk 0:49:51]} exf6 {[%clk 1:18:30]} 21. Re7 {[%clk 0:50:08]} Rf7
{[%clk 1:12:09]} 22. Rae1 {[%clk 0:49:54]} Qa7 {[%clk 1:11:26]} 23. Qc5
{[%clk 0:32:35]} Qxc5 {[%clk 1:11:47]} 24. dxc5 {[%clk 0:33:00]} Kf8
{[%clk 1:08:19]} 25. Rxf7+ {[%clk 0:33:07]} Kxf7 {[%clk 1:08:45]} 26. Nf3
{[%clk 0:32:52]} g5 {[%clk 1:07:52]} 27. g3 {[%clk 0:25:11]} g4 {[%clk 1:06:57]}
28. Nd4 {[%clk 0:24:32]} f5 {[%clk 1:07:16]} 29. f4 {[%clk 0:15:20]} gxf3
{[%clk 1:07:35]} 30. Kf2 {[%clk 0:15:39]} h5 {[%clk 1:07:21]} 31. h4
{[%clk 0:13:16]} Kf6 {[%clk 1:06:45]} 32. Kxf3 {[%clk 0:08:13]} Rb8
{[%clk 0:59:02]} 33. Re3 {[%clk 0:06:51]} Rg8 {[%clk 0:55:34]} 34. b5
{[%clk 0:06:15]} f4 {[%clk 0:55:53]} 35. gxf4 {[%clk 0:05:51]} cxb5
{[%clk 0:56:19]} 36. c6 {[%clk 0:06:13]} Bg4+ {[%clk 0:56:16]} 37. Kf2
{[%clk 0:06:35]} Rb8 {[%clk 0:56:17]} 38. f5 {[%clk 0:04:04]} Bxf5
{[%clk 0:45:12]} 39. Rf3 {[%clk 0:04:18]} Ke5 {[%clk 0:45:31]} 40. Nxf5
{[%clk 0:04:34]} d4 {[%clk 0:43:48]} 41. Ke2 {[%clk 0:25:29]} b4 {[%clk 1:10:07]}
42. Ne7 {[%clk 0:24:52]} Kd6 {[%clk 0:53:11]} 43. c7 {[%clk 0:25:03]} Kxc7
{[%clk 0:53:34]} 44. Nd5+ {[%clk 0:25:25]} Kd6 {[%clk 0:53:58]} 45. Nxb4
{[%clk 0:25:45]} Rg8 {[%clk 0:53:48]} 46. Rf5 {[%clk 0:17:47]} Rg3
{[%clk 0:50:07]} 47. Nd3 {[%clk 0:17:08]} Re3+ {[%clk 0:49:52]} 48. Kd2
{[%clk 0:17:30]} Rh3 {[%clk 0:50:07]} 49. Rxh5 {[%clk 0:07:01]} Rh2+
{[%clk 0:50:35]} 50. Kc1 {[%clk 0:06:42]} Ra2 {[%clk 0:46:49]} 51. Nb2
{[%clk 0:04:48]} Kc6 {[%clk 0:47:01]} 52. Ra5 {[%clk 0:00:49]} Rxa3
{[%clk 0:45:48]} 53. Rxa4 {[%clk 0:01:02]} Rc3+ {[%clk 0:40:45]} 54. Kd2
{[%clk 0:01:16]} Kd5 {[%clk 0:41:10]} 55. Nd3 {[%clk 0:00:47]} Ke4
{[%clk 0:35:35]} 56. Nf2+ {[%clk 0:01:12]} Kf3 {[%clk 0:35:58]} 57. Rxd4
{[%clk 0:01:15]} Rc8 {[%clk 0:30:08]} 58. Nh3 {[%clk 0:01:03]} Ra8
{[%clk 0:22:18]} 59. Ng1+ {[%clk 0:00:49]} Kf2 {[%clk 0:22:11]} 60. Rg4
{[%clk 0:01:05]} Rd8+ {[%clk 0:22:24]} 61. Kc3 {[%clk 0:01:30]} Ke3
{[%clk 0:22:39]} 62. Kc4 {[%clk 0:01:37]} Rd2 {[%clk 0:22:07]} 63. Kc5
{[%clk 0:01:35]} Rd8 {[%clk 0:21:51]} 64. Kc6 {[%clk 0:01:37]} Rd2
{[%clk 0:22:03]} 65. h5 {[%clk 0:01:19]} Rh2 {[%clk 0:22:29]} 66. Rg3+
{[%clk 0:01:36]} Kf4 {[%clk 0:22:03]} 67. Rh3 {[%clk 0:02:02]} Rh1
{[%clk 0:22:30]} 68. Rxh1 {[%clk 0:02:26]} 1-0

[Event "MCR muzu 2023"]
[Site "?"]
[Date "2023.05.12"]
[Round "4.1"]
[White "Plat, Vojtech"]
[Black "Zwardon, Vojtech"]
[Result "1/2-1/2"]
[BlackElo "2494"]
[WhiteElo "2535"]
[LiveChessVersion "1.4.8"]

1. d4 {[%clk 1:30:56]} Nf6 {[%clk 1:30:59]} 2. c4 {[%clk 1:31:16]} e6
{[%clk 1:31:28]} 3. Nc3 {[%clk 1:31:38]} Bb4 {[%clk 1:31:56]} 4. Qc2
{[%clk 1:31:55]} d5 {[%clk 1:32:24]} 5. a3 {[%clk 1:32:20]} Bxc3+
{[%clk 1:32:52]} 6. Qxc3 {[%clk 1:32:44]} O-O {[%clk 1:33:20]} 7. Bg5
{[%clk 1:33:02]} dxc4 {[%clk 1:33:45]} 8. Qxc4 {[%clk 1:33:23]} b6
{[%clk 1:34:13]} 9. Nf3 {[%clk 1:33:29]} Bb7 {[%clk 1:34:40]} 10. Rc1
{[%clk 1:31:33]} c5 {[%clk 1:35:07]} 11. dxc5 {[%clk 1:31:42]} h6
{[%clk 1:35:34]} 12. Bxf6 {[%clk 1:32:00]} Qxf6 {[%clk 1:36:03]} 13. Qd4
{[%clk 1:31:40]} Rc8 {[%clk 1:36:29]} 14. Qxf6 {[%clk 1:28:15]} gxf6
{[%clk 1:36:57]} 15. e3 {[%clk 1:28:36]} Nd7 {[%clk 1:36:39]} 16. b4
{[%clk 1:27:37]} bxc5 {[%clk 1:37:04]} 17. b5 {[%clk 1:25:25]} Nb6
{[%clk 1:29:53]} 18. Nd2 {[%clk 1:25:41]} a6 {[%clk 1:29:45]} 19. bxa6
{[%clk 1:25:56]} Bxa6 {[%clk 1:30:09]} 20. Ne4 {[%clk 1:25:58]} Bxf1
{[%clk 1:25:21]} 21. Rxf1 {[%clk 1:26:23]} Rxa3 {[%clk 1:15:34]} 22. Ke2
{[%clk 1:26:49]} Ra2+ {[%clk 1:15:28]} 23. Kf3 {[%clk 1:27:04]} Nd7
{[%clk 1:15:02]} 24. Rfd1 {[%clk 1:27:28]} f5 {[%clk 1:13:54]} 25. Rxd7
{[%clk 1:25:35]} fxe4+ {[%clk 1:14:18]} 26. Kg3 {[%clk 1:26:04]} Rb8
{[%clk 1:12:26]} 27. f3 {[%clk 1:23:58]} Rbb2 {[%clk 1:12:14]} 28. Kf4
{[%clk 1:21:46]} Rxg2 {[%clk 1:12:26]} 29. Kxe4 {[%clk 1:18:38]} Ra4+
{[%clk 1:11:16]} 30. Ke5 {[%clk 1:19:04]} Ra3 {[%clk 1:10:44]} 31. Kf4
{[%clk 1:10:48]} Rg5 {[%clk 1:07:17]} 32. Ke4 {[%clk 1:11:11]} Ra4+
{[%clk 1:06:47]} 33. Kd3 {[%clk 1:11:37]} Re5 {[%clk 1:04:39]} 34. Rc3
{[%clk 1:07:06]} Ra2 {[%clk 1:02:38]} 35. h4 {[%clk 1:06:18]} Rh5
{[%clk 1:01:15]} 36. Rc4 {[%clk 1:06:08]} Rf5 {[%clk 0:58:32]} 37. f4
{[%clk 1:03:13]} Rh2 {[%clk 0:58:29]} 38. Ke4 {[%clk 1:02:42]} Rxh4
{[%clk 0:58:21]} 39. Rc7 {[%clk 1:02:43]} Rhh5 {[%clk 0:55:56]} 40. Kf3
{[%clk 1:02:44]} Rh3+ {[%clk 0:53:16]} 41. Ke2 {[%clk 1:01:05]} Rhh5
{[%clk 0:48:58]} 42. Kf3 {[%clk 1:01:00]} e5 {[%clk 0:36:28]} 43. Rc1
{[%clk 0:55:24]} exf4 {[%clk 0:35:45]} 44. exf4 {[%clk 0:55:37]} Rd5
{[%clk 0:35:39]} 45. Rg1+ {[%clk 0:55:48]} Kf8 {[%clk 0:35:47]} 46. Ra1
{[%clk 0:50:59]} Rh3+ {[%clk 0:33:32]} 47. Kg4 {[%clk 0:49:53]} Rb3
{[%clk 0:29:17]} 48. Ra5 {[%clk 0:49:39]} Rc3 {[%clk 0:27:39]} 49. Raa7
{[%clk 0:50:08]} h5+ {[%clk 0:26:54]} 50. Kh4 {[%clk 0:50:37]} Rf5
{[%clk 0:27:15]} 51. Rc8+ {[%clk 0:50:39]} Kg7 {[%clk 0:27:16]} 52. Rg8+
{[%clk 0:50:54]} Kf6 {[%clk 0:23:51]} 53. Ra6+ {[%clk 0:51:01]} Ke7
{[%clk 0:24:17]} 54. Re8+ {[%clk 0:51:17]} Kd7 {[%clk 0:24:27]} 55. Re7+
{[%clk 0:51:08]} Kxe7 {[%clk 0:24:51]} 56. Re6+ {[%clk 0:51:32]} Kf8
{[%clk 0:24:40]} 57. Re8+ {[%clk 0:52:00]} Kxe8 {[%clk 0:24:54]} 1/2-1/2